000
00293nam a2200121Ia 4500
008
190216s9999||||xx |||||||||||||| ||und||
100
_a
Peria Swamy
245
0
_a
Principles And Practice Of Insurance
260
_b
Himalaya Publishing House
300
_a
376
650
_a
Commerce
942
_c
BK
999
_c
6944
_d
6944